000 00209 a2200097 4500
001 42687
100 _aTyson
245 _aIndia arms for victory
260 _aAllahabad
_bKitabistan
_c
090 _c26581
_d26581
942 _aNUST-CAE
_cM
_c18426
999 _c277760
_d277760